000
00308nam a22001337a 4500
008
180918b xxu||||| |||| 00| 0 eng d
020
_a
9780256146752
041
_a
eng
080
_a
334.7
100
_a
55
101
_a
MNGF
245
_a
Foundations of Financial Management
_c
Block, S.B
942
_2
udc
_c
BK
999
_c
47949
_d
47949